000 00632nam a22002297a 4500
003 UA-OsUOA
001 97781
007 ta
008 20130404b un ||||| |||| 00| 0 ukr d
100 _aПетров И.
090 _a821.163.2
_bП30
942 _cBK
040 _aUA-OsUOA
_brus
_cUA-OsUOA
_dUA-OsUOA
245 _aОблава на волков
_bповесть
300 _a471 с.
955 _a3
041 _arus
080 _a821.163.2
260 _aМ.
_bХудожественная литература
_c1989
650 7 _a82 Література. Літературознавство
_2UDC
999 _c384040
_d384040